000 00692nam a2200205 4500
001 137486
003 ES-MaACL
005 20250712081902.0
007 t|
008 070214s1958 sp r ||||1| spa d
100 1 _aSánchez Bellido, Heliodoro.
_9102490
245 1 0 _aTransposiciones moleculares del hidróxido de tribencil-sulfonio
_b: mecanismo de reacción /
_cHeliodoro Sánchez Bellido.
260 _aSalamanca :
_bUniversidad,
_c1958.
300 _a62 p. :
_bil. ;
_c25 cm.
490 1 _aActa salmanticensia
710 2 _aUniversidad de Salamanca.
_97275
830 0 0 _aActa Salmanticensia
_9181394
852 _aES-MaACL
_jC-19198
_bR.44540
999 _c137486
_d137486